| 000 | 005960000a22001810004500 | ||
|---|---|---|---|
| 090 |
_aAR _b01418 |
||
| 245 | 1 | 0 | _aTent-use by the bat Rhinophylla pumilio (<Phillostomidae: Carolliinae>) in French Guiana |
| 650 | 1 | 4 |
_aFrugívoros _993040 |
| 650 | 1 | 4 |
_aUso del hábitat _93825 |
| 650 | 1 | 4 |
_aMurciélagos _92659 |
| 651 | 4 |
_pGuyana francesa _992749 |
|
| 653 |
_fPhyllostomidae _gRhinophylla _eRhinophyla pumilio |
||
| 653 |
_fPhyllostomidae _gArtibeus gnomus |
||
| 041 | 0 | _aInglés | |
| 100 | 1 |
_aCharles Dominique, Pierre _994598 |
|
| 942 | _cARTICULO | ||
| 773 | 1 |
_tBiotropica _39 _h1 _q111-116 _d1993 _g25 |
|
| 999 |
_c10502 _d10502 |
||